Un capitán de quince años
Kaydedildi:
| Yazar: | |
|---|---|
| Materyal Türü: | Kitap |
| Dil: | İspanyolca |
| Baskı/Yayın Bilgisi: |
Santiago
Zig-Zag
2005
|
| Edisyon: | 13a. ed |
| Seri Bilgileri: | Colección Viento Joven
|
| Konular: | |
| Etiketler: |
Etiketle
Etiket eklenmemiş, İlk siz ekleyin!
|
MARC
| LEADER | 00000nam a2200000 a 4500 | ||
|---|---|---|---|
| 001 | UCH8489 | ||
| 003 | CL-VaPUC | ||
| 008 | 091127e20050700CL |||||||||||||||||spa|d | ||
| 020 | |a 9561210045 | ||
| 082 | 0 | 4 | |a 843 |b VER |2 21 |
| 100 | 0 | |a Verne, Julio |e author |9 545066 | |
| 245 | 1 | 3 | |a Un capitán de quince años |
| 250 | |a 13a. ed | ||
| 300 | |a 158 p | ||
| 942 | |c BK | ||
| 945 | |d 20091127 00:00:00 |a lazolas | ||
| 260 | |a Santiago |b Zig-Zag |c 2005 | ||
| 650 | 0 | |a Novela francesa |9 264985 | |
| 650 | 7 | |a NOVELAS DE AVENTURAS |2 CL-VaPUC |9 460132 | |
| 583 | |a last modification |c 20091127 00:00:00 |k Rodrigo Vera | ||
| 490 | 0 | |a Colección Viento Joven | |
| 999 | |c 338700 |d 338698 | ||